01283nam a2200205 a 450000100100000000500170001000800410002704000250006808200190009324501560011226000650026830000210033350004680035465000440082265000380086665100510090470000230095570000180097871000810099600002574820250512125213.0110222s1993 dr 000 0 spa d aDO-SdBNPbspacBNPHU a338.925bP961e00aPrivatización de empresas públicas y rendimensionamiento del estado en la República Dominicana /ccoordinación Andrés Dauhajre, Juan Lladó. aSanto Domingo :bFundación Economía y Desarrollo,c1993. a555 p. ;c23 cm. aEste estudio fue realizado por un equipo de expertos contratados por la Fundación Economía y Desarrollo, Inc. bajo la coordinación general del Dr. Andrés Dauhajre, hijo y la dirección del Dr. Juan Lladó, investigador principal del estudio. La investigación fue posible gracias al alpyo económico recibido del Centro Internacional para el Desarrollo Económico (CINDE) y del Gobierno Dominicano a través de la Secretaría de Estado de Finanzas. 4aPrivatizaciónzRepública Dominicana 4aPrivatizaciónzAmérica Latina 4aRepública DominicanaxPolítica Económica1 aDauhajre, Andrés1 aLladó, Juan2 a Fundación Economía y Desarrollo (Santo Domingo, República Dominicana)